[Event "COL-ch U10 Girls"]
[Site "Albania"]
[Date "2012.07.02"]
[Round "9.5"]
[White "Nacimento Mora, Karla Daniela"]
[Black "Ferreira Morales, Mayra"]
[Result "0-1"]
[WhiteElo "1243"]
[BlackElo "1461"]
[PlyCount "76"]
[EventDate "2012.06.27"]
[EventType "tourn"]
[EventRounds "9"]
[EventCountry "COL"]
[SourceTitle "EXT 2024"]
[Source "ChessBase"]
[SourceDate "2023.10.10"]
[SourceVersion "1"]
[SourceVersionDate "2023.10.10"]
[SourceQuality "1"]

1. e4 g6 2. Bc4 Bg7 3. Qf3 e6 4. d3 h6 5. Ne2 Nc6 6. Nbc3 d6 7. Be3 Bd7 8. d4 Qe7 9. d5 Ne5 10. Qg3 Nxc4 11. Bd4 Bxd4 12. Nxd4 e5 13. Nb3 0-0-0 14. 0-0 Nf6 15. Qd3 Nb6 16. Na5 Ng4 17. Nb5 a6 18. Na3 Qh4 19. h3 Nf6 20. Qb3 Qg5 21. Rac1 Nxe4 22. N3c4 Bb5 23. a4 Bxc4 24. Nxc4 Nxc4 25. Qxc4 Nd2 26. Qd3 Nxf1 27. Qxf1 f5 28. g3 f4 29. h4 Qf6 30. Qh3+ Kb8 31. gxf4 exf4 32. Kf1 Rde8 33. b4 Qd4 34. c4 Re7 35. b5 a5 36. Qb3 b6 37. Rd1 Qe4 38. Re1 Qh1# 0-1